| 000 | 00387nam a2200169Ia 4500 | ||
|---|---|---|---|
| 001 | 6033 | ||
| 003 | IN-NITTTR | ||
| 005 | 20251114233015.0 | ||
| 008 | 251113s9999||||xx |||||||||||||| ||eng|| | ||
| 040 | _beng | ||
| 040 | _cIN-NITTTR | ||
| 041 | _aeng | ||
| 082 | _a004 L846I | ||
| 100 | _aLondon, Keith R. | ||
| 245 | 0 |
_aIntroduction to computers. / _cLondon, Keith R. |
|
| 942 |
_2ddc _cBK |
||
| 999 |
_c8671 _d8671 |
||